Oceňovanie ako metodický prostriedok účtovníctva dizertačná práca

Saved in:
Bibliographic Details
Main Author: Bednárová, Beáta
Corporate Author: Fakulta hospodárskej informatiky EU. Katedra účtovníctva a audítorstva
Other Authors: Šlosárová, Anna
Format: Book
Language:Slovak
Published: Bratislava 2015
Subjects:
Tags: Add Tag
No Tags, Be the first to tag this record!

MARC

LEADER 00000nbm a2200000 4500
001 0206540
005 20240502073430.7
041 0 |a slo 
044 |a SK 
245 1 0 |a Oceňovanie ako metodický prostriedok účtovníctva  |b dizertačná práca  |c Beáta Bednárová ; školiteľ: Anna Šlosárová 
264 1 |a Bratislava  |c 2015 
300 |a 196 s. 
610 2 0 |a oceňovanie 
610 2 0 |a účtovníctvo 
610 2 0 |a štandardy ohodnocovacie medzinárodné 
610 2 0 |a štandardy účtovné medzinárodné 
100 1 |a Bednárová, Beáta 
700 1 |a Šlosárová, Anna 
710 2 |a Fakulta hospodárskej informatiky EU. Katedra účtovníctva a audítorstva